000 00706nam a22002297a 4500
005 20150223112448.0
008 140714b xxu||||| |||| 00| 0 Urdu d
010 _aUR-8653
020 q _c200.00
020 _c9789350733691
035 _aU-7208
037 _bDBAD/Pub.
040 _aDPL
_bUrdu
082 _a841
100 _aا صغر ويلو ری
245 _a‎ر شحا ت ا صغر
_cا صغر ويلو ری
246 _aRashhat -e- Asghar
_bBy Asghar Veloori
260 _aد ھلی
_bEducational Publishing House
_c2014
270 _a3108,Vakeel Street,Kucha Pandit,Lal Kuan
_b.Delhi
_e110006
300 _a112ص
_c22Cm (Hb)
942 _2ddc
_cUR
_e
_h841
_mا ص غ
999 _c91686
_d91686